Statistics for Guess the lyrics (#96)

Click here to take the quiz!

General Stats

  • This quiz has been taken 48 times
  • The average score is 72 of 145

Answer Stats

answer% Correct
I
95%
the
91%
You
91%
you,
91%
you
91%
an
89%
me,
86%
me
86%
we
84%
and
82%
And
82%
to
80%
do
77%
on
70%
is
68%
it
66%
can
64%
have
64%
my
61%
not
59%
that
59%
know
57%
of
57%
one
57%
this
55%
were
52%
your
52%
ever
50%
I'm
50%
Don't
45%
don't
45%
It's
45%
how
43%
got
41%
should
41%
with
41%
make
39%
never
39%
some
39%
way
39%
But
36%
You're
36%
you're
36%
time
34%
here
32%
I'll
32%
tell
32%
think
32%
girl
30%
take
30%
baby,
27%
baby
27%
knew
27%
didn't
25%
really
25%
does
23%
play
23%
something
23%
kind
20%
must
20%
fire?
18%
boy,
16%
belong
14%
smile
14%
world
14%
strong,
11%
sure
11%
admit,
9%
Behind
9%
call
9%
likes
9%
mama
9%
nerve
9%
nice
9%
rock
9%
born
7%
cool
7%
IQ
7%
misunderstood
7%
opportunity
7%
sit,
7%
sorry
7%
sweet,
7%
that'll
7%
underestimate
7%

Score Distribution

Percentile by Number Answered

Percent of People with Each Score

Your Score History

You have not taken this quiz